Countries of the World Quiz but it's mixed up - Statistics

General Stats
  • This quiz has been taken 35 times
  • The average score is 116 of 196
Answers on the Map
Answers color-coded by a green-red scale on the quiz's map according to % correct below.
 
Answer Stats
Country % Correct
United States
86%
Brazil
75%
India
75%
Japan
75%
France
71%
Ireland
71%
Italy
71%
Mexico
71%
Mongolia
71%
Spain
71%
Turkey
71%
Bolivia
68%
Germany
68%
New Zealand
68%
Andorra
64%
Belgium
64%
Cuba
64%
Democratic Republic of the Congo
64%
Denmark
64%
Egypt
64%
Fiji
64%
Greece
64%
Indonesia
64%
Iraq
64%
Monaco
64%
Morocco
64%
Portugal
64%
South Africa
64%
Sweden
64%
Uruguay
64%
Vietnam
64%
Algeria
61%
Austria
61%
Bahamas
61%
Bangladesh
61%
Benin
61%
Chad
61%
Colombia
61%
Costa Rica
61%
Ecuador
61%
Estonia
61%
Federated States of Micronesia
61%
Haiti
61%
Honduras
61%
Hungary
61%
Kenya
61%
Latvia
61%
Libya
61%
Liechtenstein
61%
Luxembourg
61%
Mali
61%
Malta
61%
Nauru
61%
Norway
61%
Pakistan
61%
Paraguay
61%
Saudi Arabia
61%
Thailand
61%
Togo
61%
Ukraine
61%
Vatican City
61%
Yemen
61%
Antigua and Barbuda
57%
Azerbaijan
57%
Bhutan
57%
Bosnia and Herzegovina
57%
Bulgaria
57%
Cyprus
57%
Czech Republic
57%
Djibouti
57%
Dominican Republic
57%
Guatemala
57%
Israel
57%
Ivory Coast
57%
Jamaica
57%
Jordan
57%
Kosovo
57%
Laos
57%
Lithuania
57%
Malawi
57%
Malaysia
57%
Mauritania
57%
Netherlands
57%
Niger
57%
North Korea
57%
North Macedonia
57%
Oman
57%
Panama
57%
Papua New Guinea
57%
Philippines
57%
Republic of the Congo
57%
Romania
57%
South Sudan
57%
Suriname
57%
Syria
57%
Tanzania
57%
Tonga
57%
Venezuela
57%
Armenia
54%
Belarus
54%
Botswana
54%
Comoros
54%
Croatia
54%
East Timor
54%
El Salvador
54%
Eritrea
54%
Eswatini
54%
Ethiopia
54%
Georgia
54%
Grenada
54%
Guinea
54%
Guinea-Bissau
54%
Kuwait
54%
Lesotho
54%
Montenegro
54%
Namibia
54%
Nicaragua
54%
Palau
54%
Poland
54%
Qatar
54%
Rwanda
54%
Saint Vincent and the Grenadines
54%
Samoa
54%
Serbia
54%
Sierra Leone
54%
Slovakia
54%
Solomon Islands
54%
Somalia
54%
Sri Lanka
54%
Switzerland
54%
Taiwan
54%
Tunisia
54%
Tuvalu
54%
United Arab Emirates
54%
Dominica
50%
Gabon
50%
Lebanon
50%
Marshall Islands
50%
Moldova
50%
Mozambique
50%
Saint Lucia
50%
Senegal
50%
Singapore
50%
Tajikistan
50%
Trinidad and Tobago
50%
Uzbekistan
50%
Zimbabwe
50%
Barbados
46%
Brunei
46%
Uganda
46%
Vanuatu
46%
Angola
39%
Morroco
4%
No matching quizzes found
Score Distribution
Percent of People with Each Score
Percentile by Number Answered
Your Score History
You have not taken this quiz